000 00906nam a22003017a 4500
001 0101
003 DO-SdBNP
005 20171214084852.0
007 0101
008 151005b1985 sp 00| 0 spa d
020 _a8471767465
040 _aBPMSU
_bspa
_cBPMSU
092 _aXXXX
_bXXXX
100 1 _aByron Cover, Arthur
245 1 4 _aLos anillos de saturno /
_cArthur Byron Cover ; ilustraciones Brian Humphrey, Marc Hempel ; traducción Horacio González Trejo, Iris Menéndez
260 _aBarcelona :
_bTimun mas,
_c1985.
300 _a125 p. :
_bil.
_c18 cm.
490 1 _aLa maquina del tiempo
_v6
700 1 2 _aGonzález Trejo, Horacio
_etrad.
700 1 2 _aMenéndez, Iris
_etrad.
700 1 2 _aHumphrey, Brian
_eil.
700 1 2 _aHempel, Marc
_eil.
830 0 _aLa maquina del tiempo
_n6
910 _a202
942 _2ddc
_cBK
945 _ainventariado extranjero / DG
956 _aYngrid Lockward
999 _c8580
_d8580